000 01104cam a2200241 4500
001 WB3610-41
008 000000n2000 000 0 eng u
035 _a(Sirsi) u104725
245 _aSurveyor's negligence
260 _c2000
490 _aEstates Gazette Case Summaries
_v[1999] EGCS 28 (1)
520 _aCA 17 February 2000. "UCB Corporate Services plc v Halifax (SW) Ltd (in liquidation). A bank instructed the respondent firm of surveyors to value two light industrial units. The mortgage valuation report gave the open market value and the 90-day mortgagee sale value as £665,000. The bank advanced a loan on the basis of this report, however the borrower then defaulted. The bank claimed a negligent valuation. "Held" claim dismissed.
590 _aWB
650 _aNEGLIGENCE
650 _aMORTGAGE VALUATION REPORT
650 _aOPEN MARKET VALUE
650 _aUCB CORPORATE SERVICES PLC V HALIFAX (SW) LTD (IN LIQUIDATION)
650 _aMORTGAGEE SALE VALUE
650 _aLIABILITY
650 _aMORTGAGE DEFAULT
690 _aPROFESSIONAL PRACTICE-NEGLIGENCE
942 _n0
999 _c62820
_d62820